Responses for Show #3070 - Friday, December 26, 1997

Contestants

[<< previous game]

Hugh Palmer, a voiceover artist from Los Angeles, California

Judy Hutchison, a commercial banking relationship manager originally from Portland, Oregon

Joyce Gray, a Spanish teacher originally from Anchorage, Alaska (whose 2-day cash winnings total $26,301)

[next game >>]

Jeopardy! Round responses

DIRECT FROM THE GLOBE
THINK PINK
1945
SPORTS LOGOS
(Alex: We will show you the logo, you have to identify the team, not the city.)
INTERNATIONAL POTPOURRI
HOMOPHONES
    $100 27
Cleopatra

Judy
    $100 11
grapefruit

Hugh
    $100 6
Franklin D. Roosevelt

Hugh
    $100 1
the Kansas City Royals

Hugh
    $100 21
(Hugh: What is Greenland?)

Antarctica

JoyceHugh
    $100 16
raise/raze

Joyce
    $200 12
(Judy: What is in the pink?)
(Alex: Umm... no.)
...
(Alex: [After the first break] Judy, good news for you--we have checked with one of our "Thesaurus of American Slang" books and it indicates that your response a while ago of "in the pink" is just as good as "tickle pink", so you pick up an extra $400.)

tickled pink

JoyceJudy
    $200 7
Coke

Joyce
    $200 2
the Cleveland Indians

Hugh
    $200 22
bananas

Judy
    $200 17
taught/taut

Joyce
    $300 26
Katherine (Kate)

Hugh
    $300 13
granite

Joyce
    $500 8
"Let It Snow"

Joyce
    $300 3
the Indianapolis Colts

Judy
    $300 23
(Alex: We have about a minute left.)

Ireland

Joyce
    $300 18
(Judy: [No response when called])

flare/flair

Judy
Triple Stumper
    $400 28
[The end-of-round signal sounds.]

Shallow

Hugh
    $400 14
pink eye

Joyce
    $400 9
Fiorello LaGuardia

Hugh
    $400 4
the Detroit Red Wings

Hugh
    $400 24
Easter Island

Joyce
    $400 19
adz/adds

Joyce
    $500 15
Pink Floyd

Judy
    $500 10
Juan Peron

Joyce
    $500 5
the Phoenix Suns

Hugh
    $500 25
(Hugh: What is Mali?)
(Joyce: What is Sri Lanka?)

Ghana

JoyceHugh
Triple Stumper
    $500 20
hostile/hostel

Joyce

Scores at the first commercial break (after clue 15):

Joyce Judy Hugh
$2,100 $1,000 $1,800

Scores at the end of the Jeopardy! Round:

Joyce Judy Hugh
$3,600 $1,000 $1,900

Double Jeopardy! Round responses

BRITISH ROYAL RESIDENCES
MODERN OPERA
WOMEN OF THE WORLD
YUL TIDE FILMS
MILESTONES IN MATH
"B"s ON BOTH ENDS
    $200 6
Buckingham Palace

Hugh
    $200 1
Imelda Marcos

Judy
    $200 11
The King And I

Joyce
    $200 16
IBM

Joyce
    $200 21
(Alex: With a minute to go.)

Bob

Joyce
    $400 7
Tower of London

Hugh
    $400 26
Charles Dickens

Joyce
    $400 2
Yves Montand

Hugh
    $400 12
The Ten Commandments

Hugh
    $400 17
20th century

Hugh
    $400 22
Blab

Joyce
    $600 8
Windsor Castle

Joyce
    $600 27
Igor Stravinsky

Triple Stumper
    $600 3
Reykjavik

Joyce
    $1,000 13
The Magnificent Seven

Hugh
    $600 18
(Joyce: Who is Maimonides?)

Omar Khayyam

Joyce
Triple Stumper
    $600 23
Blurb

Judy
    $1,000 9
(Joyce: What is Kent?)

St. James' Palace

Joyce
    $800 28
Bela Bartok

Joyce
    $800 4
Mata Hari

Hugh
    $800 14
Michael Crichton

Hugh
    $800 19
MIT

Hugh
    $800 24
Barb

Joyce
    $1000 10
Greenwich Palace

Triple Stumper
    $1000 29
[The end-of-round signal sounds.]

The Purloined Letter

Joyce
    $1000 5
Valentina Tereshkova

Triple Stumper
    $1000 15
Jean Lafitte

Hugh
    $1000 20
Euclid

Triple Stumper
    $1000 25
Bib

Joyce

Scores at the end of the Double Jeopardy! Round:

Joyce Judy Hugh
$8,200 $1,800 $8,100

[wagering suggestions for these scores]

Final Jeopardy! Round responses

AMERICAN LITERATURE
(Alex: The book that might have contributed to the start of the Civil War.)
JudyWhat is
$1,800
HughWhat is Last Of
$4,000
JoyceWhat is The Scarlet Letter?
$8,001
Uncle Tom's Cabin

Final scores:

Joyce Judy Hugh
$199 $0 $4,100
2nd place: Magnavox 25-inch Stereo Color Monitor Receiver TV & Crawford of Jamestown Solid Maple Entertainment Unit 3rd place: Monorail Desktop PC New champion: $4,100

Game dynamics:

Coryat scores:

Joyce Judy Hugh
$9,000 $1,800 $7,700
24 R
(including 1 DD),
3 W
(including 1 DD)
7 R,
1 W
19 R
(including 1 DD),
2 W

Combined Coryat: $18,500

[game clues] [game scores] [suggest correction]

Game tape date: Unknown
The J! Archive is created by fans, for fans. Scraping, republication, monetization, and malicious use prohibited; this site may use cookies and collect identifying information. See terms. The Jeopardy! game show and all elements thereof, including but not limited to copyright and trademark thereto, are the property of Jeopardy Productions, Inc. and are protected under law. This website is not affiliated with, sponsored by, or operated by Jeopardy Productions, Inc. Join the discussion at JBoard.tv.